Siva: The Siva Purana Retold (Record no. 41325)
[ view plain ]
| 000 -LEADER | |
|---|---|
| fixed length control field | 00360nam a2200133Ia 4500 |
| 008 - FIXED-LENGTH DATA ELEMENTS--GENERAL INFORMATION | |
| fixed length control field | 240719s9999 xx 000 0 und d |
| 041 ## - LANGUAGE CODE | |
| Language code of text/sound track or separate title | eng |
| 082 ## - DEWEY DECIMAL CLASSIFICATION NUMBER | |
| Classification number | 823 MEN |
| 100 ## - MAIN ENTRY--PERSONAL NAME | |
| Personal name | Menon, Ramesh |
| 245 ## - TITLE STATEMENT | |
| Title | Siva: The Siva Purana Retold |
| 260 ## - PUBLICATION, DISTRIBUTION, ETC. | |
| Place of publication, distribution, etc. | New Delhi |
| Name of publisher, distributor, etc. | Rupa & Company |
| Date of publication, distribution, etc. | 2010 |
| 300 ## - PHYSICAL DESCRIPTION | |
| Extent | 324;. P. 23. Cm |
| 520 ## - SUMMARY, ETC. | |
| Summary, etc. | Gifted By : IMT Faculty Dr.Pawan sir |
| Withdrawn status | Lost status | Damaged status | Not for loan | Home library | Current library | Shelving location | Date acquired | Cost, normal purchase price | Total Checkouts | Total Renewals | Full call number | Barcode | Date last seen | Date last checked out | Price effective from | Koha item type | Public note |
|---|---|---|---|---|---|---|---|---|---|---|---|---|---|---|---|---|---|
| IMTN | IMTN | Rack 39-B | 06/15/2023 | 395.00 | 4 | 5 | 823 MEN | 33020 | 09/04/2025 | 07/03/2025 | 07/19/2024 | Books | Gifted |